[Event "Chigorin Memorial"]
[Site "St Petersburg"]
[Date "2015.10.10"]
[Round "8.142"]
[White "Sergeyev, Dmitriy"]
[Black "Scheglov, Dmitry"]
[Result "1/2-1/2"]
[WhiteElo "2077"]
[BlackElo "1910"]
[PlyCount "120"]
[EventDate "2015.10.03"]
[EventRounds "9"]
[EventCountry "RUS"]

1. e4 e6 2. d4 d5 3. Nd2 Be7 4. Ngf3 Nf6 5. Bd3 c5 6. e5 Nfd7 7. c3 Nc6 8. O-O
g5 9. dxc5 Nxc5 10. Bb5 Nd7 11. Qe2 Qc7 12. Re1 a6 13. Bxc6 bxc6 14. Nf1 c5 15.
Bxg5 Nxe5 16. Qxe5 Qxe5 17. Rxe5 f6 18. Bxf6 Bxf6 19. Re2 O-O 20. Rd1 Ra7 21.
Ng3 h6 22. Ne5 Kh7 23. Rd3 Bg5 24. Rf3 Rxf3 25. Nxf3 Bf6 26. Ne5 a5 27. Nd3 Rc7
28. Nf4 Rc6 29. h3 Rd6 30. Nd3 Ba6 31. Rd2 Bg5 32. f4 Bxd3 33. fxg5 Bb1 34.
gxh6 Bxa2 35. Ne4 Rc6 36. Ng5+ Kxh6 37. Nf7+ Kg7 38. Ne5 Rc7 39. b4 Bb3 40.
bxa5 Kf6 41. Ng4+ Ke7 42. Rf2 Ra7 43. Ne5 Kd6 44. Nf7+ Ke7 45. Ne5 Kd6 46. Nf7+
Kc7 47. h4 Bd1 48. Ra2 Kc6 49. Ne5+ Kd6 50. Nd3 e5 51. Nf2 Bb3 52. Ra1 e4 53.
h5 Ke5 54. Ng4+ Kf5 55. Ne3+ Kf4 56. Kf2 d4 57. cxd4 cxd4 58. g3+ Kg5 59. Ng2
e3+ 60. Nxe3 dxe3+ 1/2-1/2

[Event "Chigorin Memorial"]
[Site "St Petersburg"]
[Date "2015.10.10"]
[Round "8.143"]
[White "Kharlamov, Igor"]
[Black "Ivanov, Nikolay A"]
[Result "1-0"]
[WhiteElo "2065"]
[BlackElo "1895"]
[PlyCount "85"]
[EventDate "2015.10.03"]
[EventRounds "9"]
[EventCountry "RUS"]

1. d4 Nf6 2. c4 c5 3. d5 b5 4. cxb5 a6 5. b6 Qxb6 6. Nc3 d6 7. Nf3 g6 8. g3 Bg7
9. Bg2 O-O 10. O-O Nbd7 11. Nd2 Rb8 12. Qc2 Qc7 13. Nc4 Nb6 14. Ne3 Bd7 15. a4
Ng4 16. Nxg4 Bxg4 17. Nd1 Bf5 18. e4 Bd7 19. Bd2 Qb7 20. Re1 Na8 21. Bf1 Nc7
22. Bc4 Rfe8 23. Bf4 Bg4 24. Ne3 Bf3 25. Rab1 h6 26. h4 Qc8 27. Bf1 Rb4 28. Bg2
Bxg2 29. Kxg2 Qd7 30. b3 e5 31. dxe6 Rxe6 32. f3 Kh7 33. Rbd1 Bd4 34. Qd3 Qe7
35. Nc2 g5 36. Nxb4 gxf4 37. Nc6 Qf6 38. e5+ Qg6 39. Qxg6+ Rxg6 40. Nxd4 cxd4
41. Rxd4 Rxg3+ 42. Kf2 dxe5 43. Rxe5 1-0

[Event "Chigorin Memorial"]
[Site "St Petersburg"]
[Date "2015.10.10"]
[Round "8.144"]
[White "Lysenko, Margarita"]
[Black "Slugin, Yaroslav"]
[Result "1-0"]
[WhiteElo "2059"]
[BlackElo "1895"]
[PlyCount "99"]
[EventDate "2015.10.03"]
[EventRounds "9"]
[EventCountry "RUS"]

1. d4 b5 2. e4 a6 3. Nf3 Bb7 4. Bd3 Nf6 5. Nbd2 e6 6. O-O c5 7. dxc5 Bxc5 8. e5
Nd5 9. Ne4 Be7 10. a4 b4 11. Bg5 O-O 12. Qd2 Nc6 13. Rae1 f6 14. exf6 Nxf6 15.
Nxf6+ Bxf6 16. Bxf6 gxf6 17. Qh6 Rf7 18. Re4 f5 19. Rh4 Qf6 20. Qxf6 Rxf6 21.
Re1 Rg6 22. g3 Rc8 23. Nd4 a5 24. Nb5 Ne7 25. Nd6 Rc7 26. Rc4 Rxc4 27. Nxc4 Nc6
28. Ne5 Nxe5 29. Rxe5 Bd5 30. Bxf5 Rf6 31. Bd3 Rf3 32. Be4 Bxe4 33. Rxe4 b3 34.
c3 Kf7 35. Kg2 Rf5 36. f4 d6 37. Kf3 Rc5 38. Rd4 d5 39. g4 Kf6 40. Ke3 Rc8 41.
Kd3 h5 42. g5+ Kf5 43. h3 h4 44. Ke3 Rd8 45. c4 Rc8 46. cxd5 e5 47. fxe5 Kxe5
48. d6 Ke6 49. d7 Rd8 50. Ke4 1-0

[Event "Chigorin Memorial"]
[Site "St Petersburg"]
[Date "2015.10.10"]
[Round "8.145"]
[White "Zajtzeva, Viktoria"]
[Black "Shuster, Andrei"]
[Result "1/2-1/2"]
[WhiteElo "1891"]
[BlackElo "2053"]
[PlyCount "102"]
[EventDate "2015.10.03"]
[EventRounds "9"]
[EventCountry "RUS"]

1. Nf3 Nf6 2. g3 d5 3. Bg2 e6 4. O-O Be7 5. d3 O-O 6. Nbd2 c5 7. e4 Nc6 8. Re1
Qc7 9. Qe2 b6 10. e5 Nd7 11. c3 Bb7 12. Nf1 d4 13. c4 a6 14. Bf4 b5 15. b3 Rfc8
16. h4 Qd8 17. h5 h6 18. g4 Nf8 19. Ng3 Nb8 20. Qd2 Nh7 21. Ne4 Bxe4 22. Rxe4
Ra7 23. Ree1 Ng5 24. Nh2 Nd7 25. Bg3 Nh7 26. f4 bxc4 27. bxc4 Rb8 28. Rab1 a5
29. Qc2 Ra6 30. Red1 Rxb1 31. Rxb1 Bh4 32. Bxh4 Qxh4 33. Rb7 Nhf8 34. Rb5 Qg3
35. Qd2 a4 36. Kh1 a3 37. Bb7 Ra4 38. Be4 Rb4 39. Rxb4 cxb4 40. Qxb4 Qxf4 41.
Qxa3 Nxe5 42. c5 Nxg4 43. Nxg4 Qxg4 44. c6 Qxh5+ 45. Kg2 Qe2+ 46. Kg1 Qe1+ 47.
Kg2 Qe2+ 48. Kg1 Qe1+ 49. Kg2 Qe2+ 50. Kg1 Qe1+ 51. Kg2 Qe2+ 1/2-1/2

[Event "Chigorin Memorial"]
[Site "St Petersburg"]
[Date "2015.10.10"]
[Round "8.146"]
[White "Kiseleva, Ekaterina"]
[Black "Tebenkov, Vladislav"]
[Result "1-0"]
[WhiteElo "1859"]
[BlackElo "2050"]
[PlyCount "105"]
[EventDate "2015.10.03"]
[EventRounds "9"]
[EventCountry "RUS"]

1. e4 e5 2. Nf3 Nc6 3. Bb5 a6 4. Ba4 Nf6 5. O-O Be7 6. Re1 b5 7. Bb3 O-O 8. d3
d6 9. c3 h6 10. Nbd2 Na5 11. Bc2 Re8 12. Nf1 Bf8 13. Ne3 g6 14. a4 Bb7 15. b4
Nc6 16. Bb2 d5 17. exd5 Nxd5 18. Nxd5 Qxd5 19. Bb3 Qd6 20. Qc2 Bg7 21. Nd2 Rad8
22. Ne4 Qe7 23. Nc5 Bc8 24. Rad1 Kh7 25. Qe2 f5 26. h3 Qd6 27. Qf3 Re7 28. Qe3
Nb8 29. d4 e4 30. Qe2 c6 31. d5 Rde8 32. dxc6 Qxc6 33. axb5 axb5 34. Rd5 Na6
35. Red1 Be5 36. Nxa6 Bxa6 37. Rc5 Qb6 38. Bd5 Rc7 39. Ra1 Bd6 40. Rxc7+ Bxc7
41. c4 Qd6 42. f4 bxc4 43. Bxc4 Bc8 44. Bf7 Rf8 45. Qc4 Qe7 46. Bd5 Bb6+ 47.
Kh1 Bd7 48. Ra8 Rxa8 49. Bxa8 Be6 50. Qc3 g5 51. Bc6 Kg6 52. Qh8 Bf7 53. Bg7
1-0

[Event "Chigorin Memorial"]
[Site "St Petersburg"]
[Date "2015.10.10"]
[Round "8.147"]
[White "Movldiev, Ibragim"]
[Black "Martynov, Petr"]
[Result "1-0"]
[WhiteElo "2047"]
[BlackElo "1889"]
[PlyCount "79"]
[EventDate "2015.10.03"]
[EventRounds "9"]
[EventCountry "RUS"]

1. Nf3 Nf6 2. b3 d5 3. Bb2 Bf5 4. g3 e6 5. Bg2 c5 6. c4 Nc6 7. O-O Be7 8. d3
O-O 9. Nbd2 d4 10. Qc2 Re8 11. Rfd1 Bf8 12. Nf1 e5 13. Nh4 Bg4 14. h3 Be6 15.
e4 Qd7 16. Kh2 Qc7 17. Bc1 a6 18. f3 b5 19. Qf2 bxc4 20. bxc4 Qa5 21. f4 exf4
22. gxf4 Rac8 23. e5 Nd7 24. f5 Ndxe5 25. fxe6 Rxe6 26. Rb1 Nb4 27. Be4 Rce8
28. Rb2 Qa4 29. Rdd2 Nbxd3 30. Rxd3 Nxd3 31. Bxd3 Bd6+ 32. Bf4 Bxf4+ 33. Qxf4
Rf6 34. Nf5 g6 35. Qh6 Rxf5 36. Bxf5 Qd1 37. Ng3 gxf5 38. Rg2 Re6 39. Nh5+ Rg6
40. Nf6+ 1-0

[Event "Chigorin Memorial"]
[Site "St Petersburg"]
[Date "2015.10.10"]
[Round "8.148"]
[White "Gantsevich, Aleksei"]
[Black "Zhemchuzhina, Elizaveta"]
[Result "1/2-1/2"]
[WhiteElo "2036"]
[BlackElo "1857"]
[PlyCount "105"]
[EventDate "2015.10.03"]
[EventRounds "9"]
[EventCountry "RUS"]

1. Nf3 d5 2. c4 e6 3. g3 c5 4. Bg2 Nf6 5. O-O Be7 6. cxd5 exd5 7. d4 O-O 8.
dxc5 Bxc5 9. Nbd2 Nc6 10. Nb3 Be7 11. Nbd4 Ne4 12. Be3 Bf6 13. Rc1 Bd7 14. a3
Na5 15. b3 Rc8 16. Qd3 a6 17. h4 Qe7 18. a4 Qb4 19. Bg5 Bxd4 20. Qxd4 Qxd4 21.
Nxd4 Nxg5 22. hxg5 Nc6 23. Nc2 Be6 24. e3 f6 25. gxf6 Rxf6 26. Rfd1 Kf7 27. Nd4
Nxd4 28. Rxc8 Ne2+ 29. Kf1 Nxg3+ 30. Ke1 Bxc8 31. Bxd5+ Be6 32. fxg3 Bxd5 33.
Rxd5 Rb6 34. Rd3 Ke6 35. Ke2 Ke5 36. Rc3 g5 37. Kf3 h5 38. Rc5+ Kf6 39. Rc3 Ke5
40. Ke2 Kf5 41. Kf2 Rb4 42. Kf3 Ke5 43. Rd3 b6 44. Rc3 a5 45. Rd3 Kf5 46. Rd5+
Kf6 47. Rd6+ Kg7 48. Rd3 Kf6 49. e4 Ke5 50. Rd5+ Kf6 51. Rd6+ Ke5 52. Rd5+ Kf6
53. Rd6+ 1/2-1/2

[Event "Chigorin Memorial"]
[Site "St Petersburg"]
[Date "2015.10.10"]
[Round "8.149"]
[White "Golovkina, Anastasia"]
[Black "Gordon, Evgeny"]
[Result "0-1"]
[WhiteElo "1790"]
[BlackElo "2015"]
[PlyCount "112"]
[EventDate "2015.10.03"]
[EventRounds "9"]
[EventCountry "RUS"]

1. e4 d6 2. d4 Nf6 3. Nc3 e5 4. Nf3 Nbd7 5. Bc4 Be7 6. O-O O-O 7. Re1 c6 8. a4
a5 9. h3 Nb6 10. Bb3 Nbd7 11. Be3 exd4 12. Nxd4 Nc5 13. Qe2 Nxb3 14. Nxb3 Re8
15. Rad1 Bf8 16. Qd3 Nd7 17. f4 Qf6 18. Qd4 Qg6 19. Kh2 Nc5 20. Nxc5 dxc5 21.
Qc4 Be6 22. Qe2 f5 23. e5 Red8 24. Qf2 b6 25. Qf3 Rxd1 26. Rxd1 Rc8 27. b3 Be7
28. Rd2 Qe8 29. Qe2 Rd8 30. Qd1 Rxd2 31. Qxd2 Qd8 32. Qxd8+ Bxd8 33. Kg3 Kf7
34. Kf3 c4 35. bxc4 Bxc4 36. Bd4 Ke6 37. g4 g6 38. Nd1 b5 39. axb5 cxb5 40. Ne3
Bd5+ 41. Ke2 a4 42. Bb2 Be7 43. Kd3 Bc5 44. Kd2 Be4 45. c3 fxg4 46. hxg4 h5 47.
gxh5 gxh5 48. c4 b4 49. Ke2 h4 50. Nf1 a3 51. Ba1 Bg2 52. Nh2 Kf5 53. Nf3 Bxf3+
54. Kxf3 b3 55. Ke2 b2 56. Bxb2 axb2 0-1

[Event "Chigorin Memorial"]
[Site "St Petersburg"]
[Date "2015.10.10"]
[Round "8.150"]
[White "Nikulina, Alena"]
[Black "Levin, Evgeny"]
[Result "1-0"]
[WhiteElo "2010"]
[BlackElo "1813"]
[PlyCount "41"]
[EventDate "2015.10.03"]
[EventRounds "9"]
[EventCountry "RUS"]

1. e4 c6 2. c4 g6 3. d4 Bg7 4. f4 d6 5. Nf3 Bg4 6. Be3 Nd7 7. Be2 Ngf6 8. Nc3
O-O 9. O-O Ne8 10. h3 Bxf3 11. Bxf3 e6 12. g4 Nc7 13. Qc2 e5 14. fxe5 dxe5 15.
d5 Na6 16. Rad1 Qe7 17. a3 Rfd8 18. b4 cxd5 19. Nxd5 Qh4 20. Kh2 g5 21. Ne7+
1-0

[Event "Chigorin Memorial"]
[Site "St Petersburg"]
[Date "2015.10.10"]
[Round "8.151"]
[White "Morozov, Boris"]
[Black "Senkevich, Konstantin"]
[Result "0-1"]
[WhiteElo "1770"]
[BlackElo "2005"]
[PlyCount "58"]
[EventDate "2015.10.03"]
[EventRounds "9"]
[EventCountry "RUS"]

1. e4 c5 2. Nf3 Nc6 3. d4 cxd4 4. Nxd4 Nf6 5. Nc3 d6 6. Bg5 Qa5 7. Bxf6 gxf6 8.
Be2 e6 9. f4 Bd7 10. Ndb5 O-O-O 11. Nxd6+ Bxd6 12. Qxd6 Be8 13. Qa3 Qxa3 14.
bxa3 Nd4 15. Bd3 Bc6 16. O-O Rhg8 17. Rf2 f5 18. Kf1 fxe4 19. Bxe4 Bxe4 20.
Nxe4 Nf5 21. g3 Kb8 22. Ke2 Rc8 23. c3 Rc4 24. Kd3 Ra4 25. Ng5 Rd8+ 26. Kc2
Ne3+ 27. Kb2 Ra6 28. Raf1 Rd1 29. c4 Rxf1 0-1

[Event "Chigorin Memorial"]
[Site "St Petersburg"]
[Date "2015.10.10"]
[Round "8.152"]
[White "Pettersen, Johan"]
[Black "Kiseleva, Arina"]
[Result "0-1"]
[WhiteElo "1741"]
[BlackElo "1998"]
[PlyCount "60"]
[EventDate "2015.10.03"]
[EventRounds "9"]
[EventCountry "RUS"]

1. e4 c5 2. Nf3 d6 3. c3 Nf6 4. Be2 g6 5. O-O Bg7 6. Re1 O-O 7. Bf1 b6 8. d3
Bb7 9. Na3 Nbd7 10. h3 Qc7 11. Bf4 Qc6 12. Qd2 Rfe8 13. g4 e5 14. Bh6 d5 15.
Bxg7 Kxg7 16. Bg2 dxe4 17. dxe4 Rad8 18. Rad1 Nf8 19. Qc2 Rxd1 20. Qxd1 Qe6 21.
b3 Qe7 22. Qc2 Ne6 23. Nd2 Nf4 24. Bf1 h5 25. f3 hxg4 26. hxg4 Rh8 27. Ndc4
Nxg4 28. fxg4 Qh4 29. Re2 Nxe2+ 30. Qxe2 Qh1+ 0-1

[Event "Chigorin Memorial"]
[Site "St Petersburg"]
[Date "2015.10.10"]
[Round "8.153"]
[White "Ustich, Ekaterina"]
[Black "Zhivotovskaya, Asya"]
[Result "1-0"]
[WhiteElo "1996"]
[BlackElo "1810"]
[PlyCount "37"]
[EventDate "2015.10.03"]
[EventRounds "9"]
[EventCountry "RUS"]

1. e4 e5 2. Nf3 Nc6 3. Bb5 a6 4. Bxc6 dxc6 5. O-O Qf6 6. d3 Bg4 7. Nbd2 Bc5 8.
h3 Bh5 9. Nc4 Bxf3 10. Qxf3 Qe6 11. Qg3 Bd6 12. Qxg7 Qf6 13. Qxf6 Nxf6 14. f4
Nd7 15. fxe5 Nxe5 16. Nxd6+ cxd6 17. Bf4 Rd8 18. Bxe5 dxe5 19. Rf5 1-0

[Event "Chigorin Memorial"]
[Site "St Petersburg"]
[Date "2015.10.10"]
[Round "8.154"]
[White "Shirshov, Nikolay"]
[Black "Vinod, G."]
[Result "1-0"]
[WhiteElo "1714"]
[BlackElo "1990"]
[PlyCount "91"]
[EventDate "2015.10.03"]
[EventRounds "9"]
[EventCountry "RUS"]

1. Nf3 d5 2. g3 Bg4 3. Bg2 e6 4. c4 c6 5. Qb3 Qb6 6. Qxb6 axb6 7. b3 dxc4 8.
bxc4 Nd7 9. Bb2 Ngf6 10. O-O Bd6 11. d3 O-O 12. Nbd2 Ra6 13. Nb3 Rfa8 14. Nc1
Nc5 15. Rb1 Ra4 16. Bxf6 gxf6 17. Rxb6 R8a6 18. Rb2 e5 19. Nd2 Ra7 20. h3 Bc8
21. Ndb3 Na6 22. Nd2 Ba3 23. Rb1 Bxc1 24. Rfxc1 Rxa2 25. Ne4 Rxe2 26. Nxf6+ Kf8
27. Nxh7+ Kg7 28. Bf1 Rd2 29. Ng5 Ra2 30. Ne4 Bd7 31. Rb6 c5 32. Bg2 Bc6 33.
Nc3 Rd2 34. Bxc6 bxc6 35. Ra1 Rxd3 36. Ne4 Rd4 37. Nxc5 Nxc5 38. Rxa7 Ne4 39.
Rbb7 Rxc4 40. Rxf7+ Kg6 41. h4 Nf6 42. Rg7+ Kf5 43. Rae7 Ke4 44. Rg5 Rc5 45.
Kg2 Kd4 46. h5 1-0

[Event "Chigorin Memorial"]
[Site "St Petersburg"]
[Date "2015.10.10"]
[Round "8.155"]
[White "Tskhadadze, Anna"]
[Black "Caglar, Sila"]
[Result "1/2-1/2"]
[WhiteElo "1988"]
[BlackElo "1804"]
[PlyCount "83"]
[EventDate "2015.10.03"]
[EventRounds "9"]
[EventCountry "RUS"]

1. c4 e5 2. g3 Nf6 3. Bg2 d5 4. cxd5 Nxd5 5. Nf3 Nc6 6. d4 exd4 7. O-O Bc5 8.
Nbd2 Nf6 9. Qc2 Bb6 10. Nc4 O-O 11. Nxb6 axb6 12. Rd1 Ra5 13. b4 Nxb4 14. Qb2
Nc6 15. Nxd4 Nxd4 16. Rxd4 Qe7 17. Bf4 Be6 18. a3 h6 19. Rdd1 Bc4 20. Bf3 Re8
21. Qc3 Bd5 22. Qxc7 Qxc7 23. Bxc7 Bxf3 24. exf3 Rea8 25. Rab1 Rxa3 26. Rxb6
Rxf3 27. Rd2 Ne4 28. Re2 Nc3 29. Rc2 Nd5 30. Rxb7 Nxc7 31. Rbxc7 g6 32. Kg2 Rf6
33. Rc8+ Rxc8 34. Rxc8+ Kg7 35. Rc7 h5 36. Rc5 Kh6 37. Rc7 Kg5 38. Rc5+ Rf5 39.
h4+ Kf6 40. Rc6+ Ke5 41. Rc5+ Ke6 42. Rc6+ 1/2-1/2

[Event "Chigorin Memorial"]
[Site "St Petersburg"]
[Date "2015.10.10"]
[Round "8.156"]
[White "Pankova, Julia"]
[Black "Yakovlev, Yuri S"]
[Result "1-0"]
[WhiteElo "1703"]
[BlackElo "1971"]
[PlyCount "69"]
[EventDate "2015.10.03"]
[EventRounds "9"]
[EventCountry "RUS"]

1. e4 c5 2. Nf3 e6 3. d4 cxd4 4. Nxd4 a6 5. Bd3 b5 6. O-O Bb7 7. a4 b4 8. Nd2
Nc6 9. Nxc6 Bxc6 10. a5 Qc7 11. Nc4 Bc5 12. Be3 Bxe3 13. fxe3 Bb5 14. Qf3 f6
15. e5 Bc6 16. Nd6+ Ke7 17. Qg3 Kf8 18. Qh4 Qa7 19. Rae1 Qc5 20. exf6 g5 21.
Qg3 h5 22. h4 g4 23. Be4 Nh6 24. Bxc6 Qxc6 25. Qf4 Nf7 26. Nxf7 Kxf7 27. Qxb4
d6 28. Rd1 Rad8 29. Rd3 Rd7 30. Qf4 Qxc2 31. Rxd6 Rhd8 32. Qg5 Qh7 33. Rxd7+
Rxd7 34. Qf4 Qc2 35. Qh6 1-0

[Event "Chigorin Memorial"]
[Site "St Petersburg"]
[Date "2015.10.10"]
[Round "8.157"]
[White "Abdildayeva, Laura"]
[Black "Skafar, Darya"]
[Result "0-1"]
[WhiteElo "1600"]
[BlackElo "1961"]
[PlyCount "51"]
[EventDate "2015.10.03"]
[EventRounds "9"]
[EventCountry "RUS"]

1. e4 d6 2. d4 Nf6 3. Nc3 g6 4. f4 Bg7 5. Nf3 O-O 6. e5 dxe5 7. fxe5 Nd5 8. Na4
Nd7 9. c4 N5b6 10. Nxb6 Nxb6 11. Be2 Bg4 12. O-O Bxf3 13. Rxf3 c5 14. Be3 Qc7
15. Bf4 cxd4 16. Qxd4 Nd7 17. Re3 Nc5 18. Rf1 Ne6 19. Qe4 Rad8 20. Rh3 Nxf4 21.
Qxf4 Qxe5 22. Qxe5 Bxe5 23. Rb3 b6 24. Rc1 Rd2 25. Bf3 Bxb2 26. a4 0-1

[Event "Chigorin Memorial"]
[Site "St Petersburg"]
[Date "2015.10.10"]
[Round "8.160"]
[White "Rivonenko, Vladislav"]
[Black "Gorodnichin, Leonid"]
[Result "1/2-1/2"]
[WhiteElo "2090"]
[BlackElo "1798"]
[PlyCount "102"]
[EventDate "2015.10.03"]
[EventRounds "9"]
[EventCountry "RUS"]

1. Nf3 d5 2. c4 e6 3. g3 Nf6 4. Bg2 Be7 5. O-O O-O 6. b3 c5 7. Bb2 Nc6 8. e3
Rb8 9. Nc3 a6 10. d4 b5 11. cxd5 exd5 12. dxc5 Bxc5 13. Rc1 Qd6 14. Nxd5 Nxd5
15. e4 Nde7 16. Qc2 Bb6 17. Rfd1 Qh6 18. Ne5 Nxe5 19. Bxe5 Bg4 20. Rd6 Rbc8 21.
Rxh6 Rxc2 22. Rxc2 gxh6 23. Bf6 Ng6 24. h3 Rc8 25. Rd2 Be6 26. e5 a5 27. Be4
Nf8 28. Rd6 Nd7 29. Kg2 Nxf6 30. exf6 Bc7 31. Ra6 Rd8 32. f4 Bd5 33. Kf3 Bxe4+
34. Kxe4 h5 35. Ra7 Rd7 36. Rb7 b4 37. g4 hxg4 38. hxg4 h6 39. g5 hxg5 40. fxg5
Kh7 41. Kf5 Rd5+ 42. Kg4 Kg6 43. Rxc7 Rxg5+ 44. Kf4 Rf5+ 45. Ke4 Rxf6 46. Ra7
Rf5 47. Ra6+ f6 48. Ra7 Re5+ 49. Kf4 Rf5+ 50. Ke4 Re5+ 51. Kf4 Rf5+ 1/2-1/2

[Event "Chigorin Memorial"]
[Site "St Petersburg"]
[Date "2015.10.10"]
[Round "8.161"]
[White "Yun, Vyacheslav"]
[Black "Chekletsov, Egor"]
[Result "1/2-1/2"]
[WhiteElo "1770"]
[BlackElo "2082"]
[PlyCount "82"]
[EventDate "2015.10.03"]
[EventRounds "9"]
[EventCountry "RUS"]

1. e4 c5 2. Nf3 e6 3. d4 cxd4 4. Nxd4 a6 5. c4 Nf6 6. Nc3 Bb4 7. Nc2 Bxc3+ 8.
bxc3 Qa5 9. Qd3 O-O 10. Be2 Qe5 11. f3 d5 12. exd5 exd5 13. O-O Re8 14. Nd4 Nc6
15. Nxc6 bxc6 16. Rf2 a5 17. Qd4 Qxd4 18. cxd4 Ba6 19. Bg5 Nd7 20. Rc1 Nb6 21.
c5 Nc4 22. Bf4 Ra7 23. Rb1 Rae7 24. Bxc4 Bxc4 25. Rfb2 h6 26. Kf2 Re2+ 27. Kg3
a4 28. a3 Bb3 29. Be5 Re3 30. Rd2 Rc3 31. Kf2 f6 32. Bf4 g5 33. Bc7 Rce3 34. h4
Bc4 35. Ra1 Re2+ 36. Rxe2 Rxe2+ 37. Kg3 Rd2 38. hxg5 hxg5 39. Bd8 Kf7 40. Re1
Rxd4 41. Re7+ Kg8 1/2-1/2

[Event "Chigorin Memorial"]
[Site "St Petersburg"]
[Date "2015.10.10"]
[Round "8.162"]
[White "Kakadzhanov, Timur"]
[Black "Sapegin, Yaroslav"]
[Result "1/2-1/2"]
[WhiteElo "2082"]
[BlackElo "1769"]
[PlyCount "81"]
[EventDate "2015.10.03"]
[EventRounds "9"]
[EventCountry "RUS"]

1. Nf3 Nc6 2. d4 d5 3. Bf4 Bg4 4. e3 e6 5. c3 Bd6 6. Bg3 Nf6 7. Nbd2 O-O 8. Qb3
Rb8 9. Rc1 Ne7 10. Ne5 Bf5 11. Be2 Nd7 12. Ndf3 Ng6 13. Nxg6 Bxg6 14. Bxd6 cxd6
15. O-O h6 16. Nd2 Nf6 17. c4 Qa5 18. Rfd1 Rfc8 19. Rc3 Rc6 20. a3 Ne4 21. Nxe4
Bxe4 22. f3 dxc4 23. Bxc4 Bg6 24. d5 exd5 25. Rxd5 Qc7 26. Rd1 Rc8 27. Rdc1 Qe7
28. e4 Kf8 29. Bd5 Rxc3 30. Rxc3 Rxc3 31. Qxc3 Qd7 32. Qa5 b6 33. Qc3 f5 34.
Qc4 fxe4 35. fxe4 Qg4 36. h3 Qd7 37. Be6 Bf7 38. Bxd7 Bxc4 39. Kf2 Ke7 40. Bg4
Kf6 41. Ke3 1/2-1/2

[Event "Chigorin Memorial"]
[Site "St Petersburg"]
[Date "2015.10.10"]
[Round "8.165"]
[White "Rovnov, Vladislav"]
[Black "Aure, Anders Nilsson"]
[Result "1-0"]
[WhiteElo "1895"]
[BlackElo "1689"]
[PlyCount "90"]
[EventDate "2015.10.03"]
[EventRounds "9"]
[EventCountry "RUS"]

1. e4 c5 2. Nf3 d6 3. d4 cxd4 4. Nxd4 Nf6 5. Nc3 g6 6. Be3 Bg7 7. f3 O-O 8. Qd3
Nc6 9. g4 Nxd4 10. Bxd4 Be6 11. Nd5 Bxd5 12. exd5 Qc7 13. h4 Rfc8 14. Rh2 a6
15. O-O-O b5 16. Kb1 Rab8 17. h5 a5 18. hxg6 hxg6 19. g5 Nh5 20. Bxg7 Kxg7 21.
Qd4+ Kg8 22. Bh3 Rd8 23. Bg4 Qc4 24. Bxh5 Qxd4 25. Rxd4 gxh5 26. Rxh5 Kg7 27.
Re4 Kg6 28. Rh1 Rb7 29. Rhe1 Rdd7 30. f4 Kf5 31. c3 Rdc7 32. Rd4 Rc4 33. Ree4
Rc5 34. Re3 Rc4 35. Red3 Rbc7 36. Kc2 Rxd4 37. Rxd4 Rc4 38. Kd3 Rxd4+ 39. Kxd4
Kxf4 40. b4 axb4 41. cxb4 Kxg5 42. a4 bxa4 43. b5 a3 44. Kc3 a2 45. Kb2 f5 1-0

[Event "Chigorin Memorial"]
[Site "St Petersburg"]
[Date "2015.10.10"]
[Round "8.166"]
[White "Khochinsky, Andrey"]
[Black "Efimenko, Aleksandr"]
[Result "0-1"]
[WhiteElo "1680"]
[BlackElo "1871"]
[PlyCount "58"]
[EventDate "2015.10.03"]
[EventRounds "9"]
[EventCountry "RUS"]

1. d4 d5 2. c4 e6 3. Nc3 c6 4. Nf3 dxc4 5. e4 b5 6. a4 Bb4 7. Bd2 a5 8. axb5
Bxc3 9. Bxc3 cxb5 10. Qd2 Bb7 11. d5 Nf6 12. Bxf6 Qxf6 13. e5 Qd8 14. d6 Qb6
15. Be2 Nd7 16. Qg5 O-O 17. O-O Bd5 18. Rad1 a4 19. Rd4 Bxf3 20. Bxf3 Qxd4 21.
Bxa8 Rxa8 22. Qe7 Nxe5 23. Kh1 Qd5 24. f4 Nc6 25. Qc7 Rd8 26. f5 Qxd6 27. Qb6
Nd4 28. Qb7 exf5 29. Re1 g6 0-1

[Event "Chigorin Memorial"]
[Site "St Petersburg"]
[Date "2015.10.10"]
[Round "8.167"]
[White "Mednik, Boris"]
[Black "Kashin, Yury"]
[Result "0-1"]
[WhiteElo "1648"]
[BlackElo "1848"]
[PlyCount "38"]
[EventDate "2015.10.03"]
[EventRounds "9"]
[EventCountry "RUS"]

1. e4 e6 2. d4 d5 3. Nc3 Bb4 4. e5 c5 5. a3 Ba5 6. b4 cxd4 7. Nb5 Bc7 8. Nf3
Nc6 9. Bf4 Nge7 10. Nxc7+ Qxc7 11. Nxd4 a6 12. Nxc6 Qxc6 13. Bd3 Ng6 14. Bxg6
hxg6 15. O-O Bd7 16. Be3 Rc8 17. Rc1 Qc3 18. Qd3 Qxe5 19. Bd4 Qxh2# 0-1

[Event "Chigorin Memorial"]
[Site "St Petersburg"]
[Date "2015.10.10"]
[Round "8.168"]
[White "Gantsevich, Aleksey A"]
[Black "Kozyakov, Andrey"]
[Result "1-0"]
[WhiteElo "1845"]
[BlackElo "1628"]
[PlyCount "129"]
[EventDate "2015.10.03"]
[EventRounds "9"]
[EventCountry "RUS"]

1. e4 d6 2. d4 Nf6 3. Nc3 g6 4. f3 Bg7 5. Be3 c6 6. Qd2 b5 7. g4 a5 8. h4 h5 9.
g5 Nh7 10. f4 a4 11. Bd3 a3 12. b3 b4 13. Nce2 c5 14. Rd1 Nd7 15. dxc5 dxc5 16.
Bb5 Ra5 17. Bc6 Qc7 18. Bd5 e6 19. Bc4 Nb6 20. e5 Nxc4 21. bxc4 Bb7 22. Rh2 O-O
23. Qd6 Qxd6 24. Rxd6 Ba6 25. Rxa6 Rxa6 26. Bxc5 Rc8 27. Bxb4 Rxc4 28. c3 Bf8
29. Bxf8 Nxf8 30. Kd2 Rb6 31. Kd3 Rc7 32. Nd4 Nd7 33. Nb3 Nc5+ 34. Nxc5 Rxc5
35. Nf3 Rd5+ 36. Nd4 Rb1 37. Rc2 Rh1 38. Ke4 Kf8 39. c4 Re1+ 40. Ne2 Rc5 41.
Kd4 Rc8 42. c5 Rd1+ 43. Kc4 Ke7 44. Kb4 Rb1+ 45. Kc4 Rb2 46. Nd4 Rcb8 47. Nc6+
Ke8 48. Rc3 Ra8 49. Nb4 Ra4 50. Rb3 Rf2 51. Kb5 Ra8 52. Kb6 Rxf4 53. Na6 Kd7
54. c6+ Kc8 55. Rxa3 Rxh4 56. Rf3 Rh2 57. Nb4 Rb2 58. a3 Rb8+ 59. Kc5 Re2 60.
Rxf7 Rxe5+ 61. Kd6 Rf5 62. Rh7 Rf8 63. Kxe6 Ra8 64. Nd5 Rxa3 65. Nb6+ 1-0

[Event "Chigorin Memorial"]
[Site "St Petersburg"]
[Date "2015.10.10"]
[Round "8.169"]
[White "Smorodkin, Kirill"]
[Black "Gantsevich, Dmitry"]
[Result "1-0"]
[WhiteElo "1516"]
[BlackElo "1818"]
[PlyCount "87"]
[EventDate "2015.10.03"]
[EventRounds "9"]
[EventCountry "RUS"]

1. e4 d6 2. d4 Nf6 3. Nc3 c6 4. Nf3 g6 5. Bc4 Bg7 6. Bb3 O-O 7. O-O Qc7 8. h3
e5 9. dxe5 dxe5 10. Bg5 Nbd7 11. Bh4 Nc5 12. Qe2 Nxb3 13. axb3 Nh5 14. Bg5 Nf4
15. Bxf4 exf4 16. Rad1 b6 17. Qc4 Be6 18. Nd5 Qb7 19. Qxc6 Qxc6 20. Ne7+ Kh8
21. Nxc6 Rfc8 22. Ncd4 a5 23. c3 Rf8 24. Nxe6 fxe6 25. Ng5 Rfe8 26. Rd6 b5 27.
Rb6 b4 28. cxb4 axb4 29. Rxb4 Bxb2 30. e5 h6 31. Nf7+ Kg7 32. Rb7 Kg8 33. Rd7
Kf8 34. Nxh6 Re7 35. Rd3 Bxe5 36. Ng4 Bg7 37. Rf3 e5 38. Re1 g5 39. Re4 Kf7 40.
Rd3 Kg6 41. b4 Kf5 42. f3 Rb7 43. Rd6 Rxb4 44. Rxe5+ 1-0

[Event "Chigorin Memorial"]
[Site "St Petersburg"]
[Date "2015.10.10"]
[Round "8.172"]
[White "Lapin, Nikita"]
[Black "Nochovniy, Vladimir"]
[Result "0-1"]
[WhiteElo "1641"]
[BlackElo "2018"]
[PlyCount "114"]
[EventDate "2015.10.03"]
[EventRounds "9"]
[EventCountry "RUS"]

1. e4 e5 2. Nf3 Nf6 3. Bc4 d5 4. exd5 e4 5. Qe2 Bd6 6. d3 O-O 7. Ng5 Bg4 8. f3
exf3 9. gxf3 Re8 10. Ne4 Nxe4 11. dxe4 Bh5 12. Qg2 Qh4+ 13. Qf2 Rxe4+ 14. Be2
Qxf2+ 15. Kxf2 Bc5+ 16. Kf1 Re5 17. Nc3 Nd7 18. Bf4 Rf5 19. Bxc7 Bxf3 20. Bxf3
Rxf3+ 21. Ke2 Re3+ 22. Kd2 Rae8 23. Rae1 Rxe1 24. Rxe1 Rxe1 25. Kxe1 f5 26. Na4
Bd4 27. c3 Bf6 28. c4 Bd4 29. b4 a6 30. c5 Nf6 31. d6 Kf7 32. Ke2 Ke6 33. Nb6
Be5 34. h3 Nd5 35. Nxd5 Kxd5 36. Bb8 Bf6 37. Bc7 Kc6 38. Kd3 g5 39. a4 g4 40.
hxg4 fxg4 41. b5+ axb5 42. axb5+ Kxb5 43. d7 Kxc5 44. d8=Q Bxd8 45. Bxd8 b5 46.
Ke4 b4 47. Kf4 h5 48. Bf6 b3 49. Bb2 Kc4 50. Ke3 h4 51. Kd2 g3 52. Be5 g2 53.
Bh2 b2 54. Kc2 b1=Q+ 55. Kxb1 Kd3 56. Kc1 Ke2 57. Kc2 Kf2 0-1